| 000 | 01637nam a2200313 i 4500 | ||
|---|---|---|---|
| 003 | DO-SdBNP | ||
| 005 | 20250703144142.0 | ||
| 007 | ta | ||
| 008 | 250703b2025 dr a|||| |||| 00| 0 spa d | ||
| 020 | _a9789945945324 | ||
| 040 |
_aDO-SdBNP _bspa _cBNPHU _erda |
||
| 041 | _aspa | ||
| 082 | 4 |
_axxx _bR457c _222 |
|
| 100 |
_aReyes Sánchez, Miguel, _d1966 - _eautor _4aut. _92285 |
||
| 245 | 1 | 3 |
_aEl cuerpo consular y su presencia en República Dominicana / _cMiguel Reyes Sánchez ; revisión y corrección, José Chez Checo. |
| 264 | 4 |
_aSanto Domingo, República Dominicana _bAcademia Dominicana de la Historia, _c©2025. |
|
| 300 |
_a276 páginas : _bilustraciones, fotos, mapas ; _c28 cm. |
||
| 336 |
_atexto _btxt _2rdacontent |
||
| 337 |
_asin mediación _bn _2rdamedia |
||
| 338 |
_avolumen _bnc _2rdacarrier |
||
| 500 | _aLa biblioteca posee 1 ejemplares autografiados por el autor. | ||
| 500 | _aIncluye datos biográficos del autor en las páginas 6-7 | ||
| 504 | _aBibliografía: páginas 272-274 | ||
| 505 | _aEvolución histórica, 11 -- Las primera misiones consulares en el país, 39 -- Influencia e injerencia consular en la segunda republica 1865-1916, 69. -- La creación del cuerpo consular dominicano y el auge migratorio hacia República Dominicana en el siglo XX, 91 -- Sanciones de la Organización Estados Americanos (OEA) a República Dominicana 1960, 103 -- La Convención de Viena sobre Relaciones Consulares, 135 -- Los consules y sus aportes al desarrollo nacional, 151 -- | ||
| 590 | _aInventariado, 2025 /LP | ||
| 700 | 1 |
_aChez Checo. José, _eeditor _4ed. _980381 |
|
| 910 | _aLP | ||
| 942 |
_2ddc _cLBS1 |
||
| 999 |
_c59422 _d59422 |
||